000 00709nam a2200265Ia 4500
005 20260121170121.0
008 008 260114s9999 xx 000 0 eng d
020 _a9783319575650
037 _aEBOOK
040 _aCRL
040 _beng
040 _cCRL
041 _2eng
041 _aeng
084 _qCRL
100 _aTuesday Reitano, Sasha Jesperson, Lucia Bird Ruiz-Benitez de Lugo
_91060001
245 0 _aMilitarised Responses to Transnational Organised Crime
260 _bSpringer
260 _bSpringer
260 _c2018
856 _uhttps://link.springer.com/openurl?genre=book&isbn=978-3-319-57565-0
942 _cEBOOK
999 _c1625730
_d1625730